League of Legends Champions - version emoji - Statistiques

Statistiques générales
  • Ce quiz a été pris 3 007 fois
    2 983 depuis la dernière actualisation
  • Le résultat moyen est 6 sur 10
Statistiques - réponses
Emoji Personnage % Correct
🏹❄️👩🏼 Ashe
98%
💣🧨💥 Ziggs
98%
🩸🧛🍷 Vladimir
96%
👧🔥🧸 Annie
95%
🐉🪐💫 Aurélion Sol
95%
🍺🤤🫃 Gragas
95%
✂️🪡🧵 Gwen
95%
🧜‍♀️🌊🫧 Nami
95%
🐀🏹🧪 Twitch
95%
🐺🩸🏃 Warwick
95%
⏳⏱️👴🏻 Zilean
95%
🥚🕊️❄️ Anivia
94%
🕷️🕸️🕷️ Elise
94%
🎼🎤❤️ Séraphine
94%
🃏🤡🪤 Shaco
94%
🌪️🌪️🌪️ Janna
93%
👨🏿🔫🔫 Lucian
93%
🎋🍄😈 Teemo
93%
🦈🔱🌊 Fizz
92%
🔫🏴‍☠️🛢️ Gangplank
91%
🏃🧪☢️ Singed
91%
🦊😘💗 Ahri
90%
🔥😡🔥 Brand
90%
🥋👨‍🦯🧘 Lee Sin
90%
🔫🏴‍☠️👩🏼‍🦰 Miss Fortune
90%
👩🏽‍🦱🐅🐯 Nidalee
90%
🌳🪨🌱 Ivern
89%
🦌😴💤 Lillia
89%
🎶🎼🎵 Sona
89%
🤺⚔️🏰 Fiora
88%
🚬💨🤠 Graves
88%
🦂💎🎣 Skarner
88%
🐸🐟👅 Tahm Kench
87%
🐻⚡️🌩️ Volibear
87%
🐂💪🔔 Alistar
86%
🐍🗿🧪 Cassiopeia
86%
🪓🪓🩸 Olaf
86%
🐒👥🎋 Wukong
86%
🤖⛓️👊 Blitzcrank
85%
❄️🛡️👨🏻 Braum
85%
🐹🦍🪃 Gnar
85%
💡🪄👩🏼 Lux
85%
🐊🏜️🪓 Renekton
85%
👑👻🗡️ Viego
85%
🌪️🗡️🥷 Yasuo
85%
🐗❄️🧊 Sejuani
84%
👮‍♀️🥊👊 Vi
84%
🏇👻🪓 Hecarim
83%
⚓️🌊🤿 Nautilus
83%
🐏🌋🔨 Ornn
83%
🐢🐻🐯 Udyr
83%
⏳🛹🎧 Ekko
82%
🃏🧙🤠 Twisted Fate
82%
🐢🏎️🛞 Rammus
81%
⛓️🧙💪 Sylas
80%
🧻😭🤕 Amumu
79%
🧁👮🎯 Caitlyn
79%
🛡️☀️🏛️ Leona
78%
🦅🎯🏹 Quinn
78%
🏇🛡️🔗 Rell
78%
🗡️🌀🏰 Garen
77%
🥀 🔫4️⃣ Jhin
76%
🐦🪶👩‍❤️‍💋‍👩 Xayah
76%
🧔🏿‍♂️🏜️⚔️ K'Sante
75%
👩🏻🐉🔥 Shyvana
75%
🏹😈🌀 Varus
75%
🐈📖🧙‍♀️ Yuumi
75%
😈😘💔 Evelynn
74%
⚡️🥷🐹 Kennen
74%
🐦🪶👨‍❤️‍💋‍👨 Rakan
74%
🪓🩸👑 Darius
73%
💉💪🧪 Dr. Mundo
73%
👩🏻‍🦰💨🔪 Katarina
73%
😴👧🏼🛏️ Zoé
73%
🌹🌷🧙‍♀️ Zyra
73%
🧊🧙‍♀️❄️ Lissandra
72%
🧙‍♂️💧📖 Ryze
72%
💪🥇🏆 Sett
72%
🏄‍♀️🪨🏜️ Taliyah
72%
🌙🌒🌔 Diana
70%
🐑🐺👥 Kindred
70%
👩🏽🗡️🔫 Samira
70%
👩🏿🔫👻 Senna
69%
🛼🔋🔫 Zeri
69%
🐹🧑‍🔬🛠️ Heimerdinger
67%
🐹🤖🔥 Rumble
67%
🧚‍♀️🦋🪄 Lulu
66%
🐕🐕🩸 Naafiri
66%
⛓️🧪🦀 Urgot
65%
🕳️🦎🕳️ Rek’Sai
64%
🥷👥👥 Zed
64%
🦎🥸🎭 Neeko
63%
👼🗡️🔥 Kayle
62%
💨🥷👩🏻 Akali
61%
🧟‍♂️🪓☠️ Sion
61%
🪨⛰️🪨 Malphite
60%
🥷🛡️🗡️ Shen
60%
🦗🪰⚔️ Kha'Zix
59%
🪞🪄👥 LeBlanc
59%
🌳🌱🌱 Maokai
59%
👧🏻🦍⛄️ Nunu et Willump
59%
🪓🪓💰 Draven
58%
👑⛰️🚩 Jarvan IV
58%
🐙🪄👽 Vel’Koz
57%
🐶🪓🏜️ Nasus
56%
🤮🐛🪳 Kog'Maw
55%
🏛️🛡️🗡️ Panthéon
55%
🐹🛡️🔨 Poppy
55%
🧌🧊🔨 Trundle
54%
🪃👸🏻🏜️ Sivir
53%
🦑🏴‍☠️🌊 Illaoi
52%
🏇🐹⛓️ Kled
51%
🌱🔥💧 Qiyana
51%
🪝🌊❌ Pyke
49%
🦁😶‍🌫️😸 Rengar
49%
🐐💊⚕️ Soraka
49%
👻🪝⛓️ Thresh
49%
🦅🏜️☀️ Azir
48%
🦾🦿🪄 Viktor
48%
🗿🕊️🗽 Galio
47%
🏮🥷🎣 Jax
47%
👩🏻‍🦳🗡️🟩 Riven
45%
🔪🦸🩸 Talon
43%
🏹⚡️👓 Vayne
43%
⚔️👹🦸🏻‍♂️ Yone
43%
🧘‍♀️🪷👘 Karma
42%
👦🏽🎒☄️ Milio
42%
🧟🪦🪓 Yorick
42%
🔨🏹👱🏻‍♂️ Jayce
41%
🔔🎶🟨 Bard
40%
🦖👹👄 Cho’Gath
40%
💥🦈🚀 Jinx
40%
😈⛓️🧙‍♀️ Morgana
40%
🚀🥸🔫 Corki
38%
🔮🔮🔮 Syndra
38%
⬆️➡️⬇️ Bel’Veth
37%
🦿🔪🧶 Camille
36%
🐹🔫💣 Tristana
36%
🦅👑😈 Swain
35%
🤢🫠🧪 Zac
35%
😵‍💫😨🌾 Fiddlesticks
34%
🧙☄️🟦 Xerath
34%
🧟‍♀️🎯🦶 Kalista
31%
🎵☠️👻 Karthus
31%
🪩⚙️🧙‍♀️ Orianna
31%
🔫🔫🔫 Aphelios
30%
🩸🗡️🦇 Aatrox
29%
🌌👩🏻🟪 Kai'Sa
28%
🗡️👽🟣 Kassadin
28%
🧤⚡️👟 Ezreal
27%
🔪💃🔪 Irelia
26%
🧔🏻‍♂️🗡️☠️ Tryndamère
24%
😈👹👧🏼 Briar
23%
🥷👹🥶 Kayn
23%
🏰🧟‍♂️☠️ Mordekaiser
23%
🌑😈😶‍🌫️ Nocturne
22%
🐹☄️🥅 Veigar
22%
😇🔫🏜️ Akshan
21%
👩🏽‍🦱💦🥻 Nilah
21%
🛡️🚑🗡️ Taric
21%
👥👧🏻😈 Vex
20%
🧪👩‍🔬🪩 Renata Glasc
18%
🌌👽👾 Malzahar
14%
🔱🏰🎖️ Xin Zhao
9%
⚔️🤺⚡️ Master Yi
4%
Aucun quiz correspondant
Distribution des résultats
% des personnes avec chaque résultat
Percentile par nombre de réponses
Votre historique - résultats
Vous n’avez pas pris ce quiz depuis la dernière actualisation